000 01046nam a22002297a 4500
003 JO-AjAnu
005 20251012123614.0
008 251012b jo ||||| |||| 00| 0 ara d
020 _a9789922702391
040 _aJO-AjAnu
_bara
_cJO-AjAnu
_dJO-AjAnu
_erda
041 _aara
_hara
050 _aGV362
_b2023
100 1 _aالربيعي، محمود داود سلمان
_eمؤلف
_966778
245 0 _aالمناهج المعاصرة للتربية البدنية وعلوم الرياضة /
_cتأليف محمود داود سلمان الربيعي، زيد صمصام تركي الشمري
250 _aالطبعة الاولى
260 _aبغداد :
_bمؤسسة دار الصادق الثقافية،
_c2023
300 _a268 صفحة
504 _aيحتوي على قائمة مصادر ومراجع باللغتين العربية والانجليزية
650 7 0 _aالتربية البدنية- مناهج
_966780
700 1 _aالشمري، زيد صمصام تركي
_eمؤلف مشارك
_966781
942 _2lcc
_cBK
_n0
999 _c34057
_d34057